|
|
|
|
| LEADER |
00000nab a2200000 a 4500 |
| 001 |
vtls000798528 |
| 003 |
SK-MaSNL |
| 005 |
20260302155503.0 |
| 008 |
180207c2002 xo 0 slo |
| 015 |
|
|
|a SNBRB2002/06-20510
|
| 035 |
|
|
|a CLN000150183
|
| 040 |
|
|
|a SNKBUCL
|b slo
|c SNKBUCL
|e AACR2
|
| 041 |
0 |
|
|a slo
|
| 044 |
|
|
|a xo
|c SK
|
| 080 |
|
|
|a 632.6/.7:634/635
|2 UDC-MRF-SK2
|
| 080 |
|
|
|a 634
|2 UDC-MRF-SK2
|
| 080 |
|
|
|a 635
|2 UDC-MRF-SK2
|
| 100 |
1 |
|
|a Siviček, Peter
|4 aut
|9 783541
|
| 245 |
1 |
0 |
|a Škodcovia môžu v porastoch zeleniny a ovocia spôsobiť obrovské straty
|c Peter Siviček
|
| 300 |
|
|
|b Fotogr., tab.
|
| 650 |
0 |
7 |
|a dreviny ovocné
|x škodcovia živočíšni
|2 snkbucl
|9 854015
|
| 650 |
0 |
7 |
|a zelenina
|x škodcovia živočíšni
|2 snkbucl
|9 854016
|
| 650 |
0 |
7 |
|a živočíšni škodcovia
|2 snkbucl
|9 28600
|
| 655 |
|
7 |
|a články z novín a časopisov
|2 snkbucl
|9 267496
|
| 773 |
0 |
|
|x 0231-6617
|t Roľnícke noviny
|g Č. 84 (2.5.2002)
|
| 773 |
0 |
|
|x 0231-6617
|t [Príl.] Agrárne ozveny
|g S. 1-2
|
| 850 |
|
|
|a Slovenská národná knižnica v Martine
|
| 852 |
|
|
|a SNK
|b KIS3GCP
|
| 958 |
|
|
|a RBX
|
| 999 |
|
|
|c 1371621
|d 1373551
|